Classroom interaction

Guardat en:
Dades bibliogràfiques
Autor principal: Malamah-Thomas, Ann (autora)
Format: Llibre
Idioma:anglès
Publicat: Oxford Oxford University Press 1987
Matèries:
Etiquetes: Afegir etiqueta
Sense etiquetes, Sigues el primer a etiquetar aquest registre!

MARC

LEADER 00000nam a2200000 a 4500
001 UCQ7982
003 CL-VaPUC
008 981121e19870000UK |||||||||||||||||eng|d
082 0 4 |a 428.07  |b MAL  |2 21 
100 |a Malamah-Thomas, Ann  |e autora  |9 421808 
245 1 0 |a Classroom interaction 
300 |a 150 p 
942 |c BK 
945 |d 19981121 00:00:00  |a crobeson 
260 |a Oxford  |b Oxford University Press  |c 1987 
650 0 |a Inglés  |9 260023 
650 0 |a Enseñanza de idiomas  |9 339820 
650 0 |a Educación lingüística  |9 306506 
650 0 |a Métodos de enseñanza  |9 270413 
583 |a last modification  |c 19981121 00:00:00  |k Rodrigo Vera 
999 |c 277354  |d 277352 
952 |0 0  |1 0  |4 0  |6 428_070000000000000_MAL_1987  |7 0  |8 A  |9 315247  |a FDOPOS  |b FDOPOS  |d 2019-11-20  |i 1495682  |o 428.07 MAL 1987  |p 1495682  |r 2025-01-22  |w 2019-11-20  |y BK  |k MLA